[Event "GER-ch U25-B"]
[Site "Willingen"]
[Date "2016.05.17"]
[Round "5"]
[White "Bilek, Thomas"]
[Black "Chalabi, Tom"]
[Result "1/2-1/2"]
[WhiteElo "1097"]
[BlackElo "1365"]
[PlyCount "103"]
[EventDate "2016.05.15"]
[EventType "swiss"]
[EventRounds "9"]
[EventCountry "GER"]
[SourceTitle "CBM 172 Extra"]
[Source "ChessBase"]
[SourceDate "2016.06.21"]
[SourceVersion "1"]
[SourceVersionDate "2016.06.21"]
[SourceQuality "1"]

1. d4 d5 2. Nc3 Nc6 3. Bf4 Bf5 4. Qd2 e6 5. f3 Nf6 6. a3 a6 7. 0-0-0 Bd6 8. h4 Nh5 9. Bxd6 Qxd6 10. g4 Ng3 11. Rh3 Nxf1 12. Rxf1 e5 13. dxe5 Qxe5 14. gxf5 Qxf5 15. Qxd5 Qxd5 16. Nxd5 0-0-0 17. Nc3 Rde8 18. Rd1 Re6 19. f4 Rhe8 20. Nf3 h6 21. Nd4 Nxd4 22. Rxd4 c6 23. f5 Rf6 24. Rg3 g6 25. fxg6 fxg6 26. Ne4 Rf1+ 27. Kd2 Rg8 28. Rd6 Rf4 29. Nc3 Rxh4 30. Rgxg6 Rh8 31. e4 h5 32. e5 Re8 33. e6 Kc7 34. Rd7+ Kc8 35. Kd3 Rg4 36. Rh6 h4 37. Ne4 Rxe6 38. Rxe6 Kxd7 39. Nf6+ Kxe6 40. Nxg4 Kf5 41. Nf2 Kf4 42. Ke2 b6 43. c4 b5 44. c5 a5 45. Nd3+ Kg3 46. Ke3 h3 47. b3 h2 48. Nf2 Kg2 49. Ke2 Kg1 50. Kf3 Kf1 51. Kg3 Kg1 52. Kf3 1/2-1/2

[Event "Bremen-ch op"]
[Site "Bremen"]
[Date "2016.03.22"]
[Round "5"]
[White "Schubert, Karl Heinz"]
[Black "Bilek, Thomas"]
[Result "1-0"]
[WhiteElo "1027"]
[BlackElo "1198"]
[PlyCount "77"]
[EventDate "2016.03.19"]
[EventType "swiss"]
[EventRounds "9"]
[EventCountry "GER"]
[SourceTitle "EXT 2018"]
[Source "ChessBase"]
[SourceDate "2017.10.13"]
[SourceVersion "1"]
[SourceVersionDate "2017.10.13"]
[SourceQuality "1"]

1. e4 d5 2. exd5 Qxd5 3. Nc3 Qa5 4. d3 e6 5. Bd2 c6 6. Nf3 Bb4 7. a3 Bxc3 8. Bxc3 Qh5 9. Bxg7 f6 10. Bxh8 Bd7 11. Qd2 Na6 12. 0-0-0 Qd5 13. d4 Qa2 14. Qc3 Qd5 15. Bxa6 bxa6 16. Qd3 f5 17. Ng5 Qxg2 18. f4 Qg4 19. Rhg1 Qxf4+ 20. Kb1 Qxh2 21. Rge1 Qh6 22. Nf3 Qg6 23. Ne5 Qg5 24. Nxd7 Kxd7 25. Qxa6 Rc8 26. Qb7+ Rc7 27. Qb3 Qe7 28. Rg1 Nh6 29. Rg7 Nf7 30. Rxh7 f4 31. Rf1 Kc8 32. Rxf4 Rb7 33. Qg3 Rd7 34. Bf6 Qd6 35. Qg8+ Kb7 36. Rxf7 Rxf7 37. Qxf7+ Ka6 38. Rf3 Qh2 39. Rb3 1-0

[Event "Bremen-ch op"]
[Site "Bremen"]
[Date "2015.04.01"]
[Round "6"]
[White "Maul, Maik Joel"]
[Black "Bilek, Thomas"]
[Result "0-1"]
[WhiteElo "1000"]
[BlackElo "1000"]
[PlyCount "78"]
[EventDate "2015.03.28"]
[EventType "swiss"]
[EventRounds "9"]
[EventCountry "GER"]
[SourceTitle "EXT 2018"]
[Source "ChessBase"]
[SourceDate "2017.10.13"]
[SourceVersion "1"]
[SourceVersionDate "2017.10.13"]
[SourceQuality "1"]

1. e4 d5 2. e5 Nc6 3. d4 Bf5 4. Bb5 Qd7 5. Qf3 g6 6. Nc3 e6 7. Bd3 Nxd4 8. Qd1 Bxd3 9. Qxd3 Nc6 10. Be3 Nxe5 11. Qd4 f6 12. Bg5 Nc6 13. Qd2 fxg5 14. Qxg5 Nd4 15. 0-0-0 Nb5 16. Qg3 Bg7 17. Nge2 Nxc3 18. Nxc3 Qc6 19. Rd3 Ne7 20. Re1 Bxc3 21. Rxc3 Qd6 22. Rxc7 Qxg3 23. hxg3 Rf8 24. Rxe6 Rf7 25. g4 Kd8 26. Rxb7 a5 27. f4 Rc8 28. Rd6+ Ke8 29. Rdd7 Ra8 30. Rdc7 Rc8 31. Rd7 Rc6 32. Ra7 Re6 33. Rdb7 Rxf4 34. a3 Rxg4 35. b4 axb4 36. axb4 Rxg2 37. b5 d4 38. b6 d3 39. cxd3 Re1# 0-1